[Event "5th Budapest Open"]
[Site "Budapest"]
[Date "2015.08.15"]
[Round "1.1"]
[White "Ongut, Tamas Gunes"]
[Black "Farago, Sandor"]
[Result "1/2-1/2"]
[WhiteElo "1883"]
[BlackElo "2256"]
[PlyCount "33"]
[EventDate "2014.08.15"]
[EventType "swiss"]
[EventRounds "9"]
[EventCountry "HUN"]

1. e4 e5 2. Nf3 Nc6 3. Bc4 Bc5 4. Nc3 Nf6 5. d3 h6 6. h3 d6 7. a3 O-O 8. O-O a6
9. Be3 Bxe3 10. fxe3 Be6 11. Bxe6 fxe6 12. Qe2 d5 13. exd5 exd5 14. d4 exd4 15.
exd4 Qd6 16. Rae1 Rae8 17. Qd3 1/2-1/2

[Event "5th Budapest Open"]
[Site "Budapest"]
[Date "2015.08.15"]
[Round "1.2"]
[White "Meszaros, Andras"]
[Black "Lesar, David"]
[Result "1-0"]
[WhiteElo "2246"]
[BlackElo "1882"]
[PlyCount "79"]
[EventDate "2014.08.15"]
[EventType "swiss"]
[EventRounds "9"]
[EventCountry "HUN"]

1. Nf3 f5 2. e4 fxe4 3. Ng5 Nf6 4. d3 e3 5. Bxe3 d5 6. d4 Bf5 7. Bd3 Bxd3 8.
Qxd3 Qd7 9. c4 e6 10. O-O Nc6 11. Nc3 O-O-O 12. Rac1 h6 13. Nf3 Ng4 14. cxd5
exd5 15. Nb5 Kb8 16. Bf4 Bd6 17. Nxd6 cxd6 18. b4 g5 19. b5 Na5 20. Bd2 Nc4 21.
a4 Nf6 22. Bb4 Nh5 23. Nd2 Nf4 24. Qf3 Nxd2 25. Bxd2 Rhf8 26. Bxf4 gxf4 27.
Rfe1 Qf7 28. a5 Rc8 29. b6 Rc4 30. a6 Rxc1 31. Rxc1 axb6 32. Qa3 Rd8 33. Qb4
Ka7 34. axb7 Qxb7 35. Rc3 Kb8 36. h3 Rd7 37. Kh2 Qa7 38. Ra3 Qc7 39. Ra6 Kb7
40. Qa4 1-0

[Event "5th Budapest Open"]
[Site "Budapest"]
[Date "2015.08.15"]
[Round "1.4"]
[White "Boguszlavszkij, Jevgenyij"]
[Black "Bellan, Istvan"]
[Result "1-0"]
[WhiteElo "2199"]
[BlackElo "1848"]
[PlyCount "65"]
[EventDate "2014.08.15"]
[EventType "swiss"]
[EventRounds "9"]
[EventCountry "HUN"]

1. g3 Nf6 2. Bg2 d5 3. Nf3 g6 4. O-O Bg7 5. d3 O-O 6. Nbd2 c6 7. e4 Bg4 8. e5
Nfd7 9. d4 e6 10. h3 Bxf3 11. Nxf3 h6 12. Be3 Na6 13. Qd2 Kh7 14. Nh4 c5 15. f4
cxd4 16. Bxd4 Nac5 17. Rfe1 a5 18. c4 dxc4 19. Rec1 Rc8 20. Rxc4 b5 21. Rc2 Na4
22. Rxc8 Qxc8 23. Rc1 Qd8 24. b3 Nxe5 25. fxe5 Bxe5 26. Nf3 Bxd4+ 27. Qxd4 Nb6
28. Rc5 Qe8 29. Ne5 a4 30. Ng4 Qd8 31. Nf6+ Kh8 32. Qa1 axb3 33. axb3 1-0

[Event "5th Budapest Open"]
[Site "Budapest"]
[Date "2015.08.15"]
[Round "1.5"]
[White "Rinyu, Janos"]
[Black "Koczo, Kristof"]
[Result "0-1"]
[WhiteElo "1745"]
[BlackElo "2193"]
[PlyCount "50"]
[EventDate "2014.08.15"]
[EventType "swiss"]
[EventRounds "9"]
[EventCountry "HUN"]

1. d4 d5 2. Bf4 c5 3. e3 Nc6 4. c3 Nf6 5. Nd2 Qb6 6. Qb3 c4 7. Qxb6 axb6 8.
Ngf3 b5 9. Be2 Bf5 10. O-O h6 11. Ne5 Nxe5 12. dxe5 Ne4 13. Nxe4 Bxe4 14. Rfd1
e6 15. f3 Bc2 16. Rd2 Bb3 17. Bd1 Rxa2 18. Rxa2 Bxa2 19. b3 cxb3 20. Rb2 Ba3
21. Rxb3 Bxb3 22. Bxb3 Bc1 23. Kf2 Ke7 24. Ke2 Rc8 25. Kd3 Bb2 0-1

[Event "5th Budapest Open"]
[Site "Budapest"]
[Date "2015.08.15"]
[Round "1.6"]
[White "Polyik, Peter"]
[Black "Liptak, Tibor"]
[Result "1-0"]
[WhiteElo "2178"]
[BlackElo "1833"]
[PlyCount "55"]
[EventDate "2014.08.15"]
[EventType "swiss"]
[EventRounds "9"]
[EventCountry "HUN"]

1. d4 d5 2. c4 c6 3. Nf3 Nf6 4. Nc3 g6 5. Bg5 Bg7 6. e3 O-O 7. Bd3 Nbd7 8. O-O
Re8 9. Qb3 Qb6 10. Rad1 Qxb3 11. axb3 b6 12. e4 dxc4 13. bxc4 h6 14. Bxf6 exf6
15. d5 Nc5 16. dxc6 Nxd3 17. Rxd3 Ba6 18. b3 Rac8 19. Ra1 f5 20. exf5 Rcd8 21.
Rad1 Rxd3 22. Rxd3 Rc8 23. Nd5 Bf8 24. f6 b5 25. Ne7+ Bxe7 26. fxe7 f6 27. Rd8+
Kf7 28. e8=Q+ 1-0

[Event "5th Budapest Open"]
[Site "Budapest"]
[Date "2015.08.15"]
[Round "1.7"]
[White "Horvath, Csaba3"]
[Black "Bulthaupt, Freerk dr"]
[Result "1/2-1/2"]
[WhiteElo "1823"]
[BlackElo "2176"]
[PlyCount "39"]
[EventDate "2014.08.15"]
[EventType "swiss"]
[EventRounds "9"]
[EventCountry "HUN"]

1. e4 e5 2. Nf3 Nc6 3. Bb5 a6 4. Ba4 Nf6 5. O-O Be7 6. Re1 b5 7. Bb3 O-O 8. d4
exd4 9. e5 Ne8 10. Nxd4 Nxd4 11. Qxd4 c5 12. Qe4 Rb8 13. c3 Bb7 14. Qg4 d5 15.
Be3 f5 16. exf6 Nxf6 17. Qe6+ Rf7 18. Bf4 Bc8 19. Qc6 Bb7 20. Qe6 1/2-1/2

[Event "5th Budapest Open"]
[Site "Budapest"]
[Date "2015.08.15"]
[Round "1.8"]
[White "Erdos, Boglarka"]
[Black "Rajcsanyi, Peter"]
[Result "1-0"]
[WhiteElo "2175"]
[BlackElo "1820"]
[PlyCount "109"]
[EventDate "2014.08.15"]
[EventType "swiss"]
[EventRounds "9"]
[EventCountry "HUN"]

1. Nf3 Nf6 2. g3 d5 3. Bg2 g6 4. O-O Bg7 5. c4 dxc4 6. Qa4+ c6 7. Qxc4 O-O 8.
d3 Nbd7 9. Qc2 Qc7 10. Nc3 e5 11. b3 Qb8 12. Bb2 Re8 13. Rad1 Nd5 14. d4 Nxc3
15. Bxc3 exd4 16. Nxd4 Qe5 17. Rd3 Qc5 18. Qb2 Nf6 19. Nxc6 Nh5 20. Bxg7 Nxg7
21. b4 Qb6 22. Na5 Rb8 23. Rfd1 Qe6 24. e3 Nf5 25. Rd8 Ng7 26. R1d6 Qe7 27. Qd2
Be6 28. Rxb8 Rxb8 29. Nxb7 Ne8 30. Rd8 Rxd8 31. Qxd8 Qxd8 32. Nxd8 Bxa2 33. Nc6
a6 34. Bf1 Nc7 35. Nb8 Nd5 36. Nxa6 Nb6 37. e4 Kf8 38. f4 Ke7 39. Kf2 Be6 40.
Ke3 Kd6 41. Kd4 Bd7 42. e5+ Ke7 43. Nc7 Kd8 44. Nd5 Nc8 45. Kc5 Be6 46. Nb6 Na7
47. Bc4 Kc7 48. b5 Kd8 49. Bxe6 fxe6 50. Nc4 Nc8 51. Nd6 Ne7 52. Kb6 Kd7 53.
Ka7 Kd8 54. b6 Nc6+ 55. Ka8 1-0

[Event "5th Budapest Open"]
[Site "Budapest"]
[Date "2015.08.15"]
[Round "1.9"]
[White "Schatzer, Andras"]
[Black "Kovacs, Istvan"]
[Result "0-1"]
[WhiteElo "1809"]
[BlackElo "2147"]
[PlyCount "48"]
[EventDate "2014.08.15"]
[EventType "swiss"]
[EventRounds "9"]
[EventCountry "HUN"]

1. Nf3 c5 2. g3 g6 3. Bg2 Bg7 4. O-O Nc6 5. c4 e5 6. Nc3 d6 7. d3 Nge7 8. Bg5
h6 9. Bd2 O-O 10. Qc1 Kh7 11. Nh4 g5 12. Nf3 Ng6 13. h3 Be6 14. Ne4 Qe7 15. Rb1
Rac8 16. b4 cxb4 17. Rxb4 Nxb4 18. Bxb4 Rfd8 19. Qa3 Rc6 20. Nfd2 Ra6 21. Qb3
Qd7 22. Qc2 Bxh3 23. c5 Bxg2 24. Kxg2 dxc5 0-1

[Event "5th Budapest Open"]
[Site "Budapest"]
[Date "2015.08.15"]
[Round "1.10"]
[White "Markos, Adam"]
[Black "Szlenka, Attila"]
[Result "1-0"]
[WhiteElo "2146"]
[BlackElo "1765"]
[PlyCount "73"]
[EventDate "2014.08.15"]
[EventType "swiss"]
[EventRounds "9"]
[EventCountry "HUN"]

1. e4 Nf6 2. e5 Nd5 3. d4 d6 4. c4 Nb6 5. exd6 exd6 6. Nc3 Nc6 7. Be3 Bf5 8.
Be2 Qd7 9. Nf3 Be7 10. d5 Nb4 11. Rc1 Bf6 12. a3 Na6 13. b4 O-O 14. O-O Rfe8
15. Bd4 Bxd4 16. Nxd4 Re5 17. Nf3 Re7 18. c5 dxc5 19. Bxa6 bxa6 20. bxc5 Nc4
21. Qb3 Ne5 22. Nxe5 Rxe5 23. Qb7 Qc8 24. Qb4 Rb8 25. Qd4 Qe8 26. h3 h5 27. c6
Qe7 28. f4 Re3 29. d6 cxd6 30. Nd5 Qe4 31. Qxe3 Qxd5 32. Rfd1 Qa5 33. Qxa7 Rc8
34. Rxd6 Qxa3 35. Qc5 Qxc5+ 36. Rxc5 Rc7 37. Rxf5 1-0

[Event "5th Budapest Open"]
[Site "Budapest"]
[Date "2015.08.15"]
[Round "1.11"]
[White "Horvath, Aron Balazs"]
[Black "Juhasz, Bela"]
[Result "1/2-1/2"]
[WhiteElo "1788"]
[BlackElo "2134"]
[PlyCount "48"]
[EventDate "2014.08.15"]
[EventType "swiss"]
[EventRounds "9"]
[EventCountry "HUN"]

1. e4 c5 2. Nf3 e6 3. d4 cxd4 4. Nxd4 a6 5. g3 Nf6 6. Bg2 d6 7. Nc3 Be7 8. O-O
O-O 9. h3 Qc7 10. Be3 Nc6 11. f4 Bd7 12. Qe1 Rac8 13. Rd1 b5 14. a3 Na5 15. g4
Nc4 16. Bc1 a5 17. Kh1 b4 18. axb4 axb4 19. Na2 e5 20. Nf5 Bxf5 21. gxf5 exf4
22. Nxb4 Rfe8 23. Rxf4 h6 24. Qf1 Nb6 1/2-1/2

[Event "5th Budapest Open"]
[Site "Budapest"]
[Date "2015.08.15"]
[Round "1.12"]
[White "Kokeny, Norbert Adrian"]
[Black "Abraham, Lajos"]
[Result "1-0"]
[WhiteElo "2123"]
[BlackElo "1781"]
[PlyCount "107"]
[EventDate "2014.08.15"]
[EventType "swiss"]
[EventRounds "9"]
[EventCountry "HUN"]

1. d4 Nf6 2. Bg5 Ne4 3. Bf4 e6 4. e3 Bd6 5. Bd3 Bxf4 6. exf4 d5 7. Nf3 c5 8.
Qe2 Nc6 9. Bxe4 dxe4 10. Qxe4 Nxd4 11. Nxd4 cxd4 12. O-O Qb6 13. b3 O-O 14. Rd1
Rd8 15. Nd2 Qc6 16. Qd3 b6 17. Nf3 Bb7 18. Rac1 Rac8 19. c3 g6 20. c4 Rd7 21.
Qf1 Rcd8 22. Ne5 Qe4 23. Nxd7 Rxd7 24. f3 Qxf4 25. Qf2 Qd6 26. Qc2 Qc5 27. Qb2
Qg5 28. Qd2 Qf5 29. b4 e5 30. c5 bxc5 31. Rxc5 Qe6 32. Re1 f6 33. Rec1 Qd6 34.
Qe2 Qb6 35. Qc4+ Kf8 36. Rc7 Bd5 37. Qc5+ Qxc5 38. R1xc5 Rxc7 39. Rxc7 a6 40.
a4 d3 41. Kf2 f5 42. b5 axb5 43. axb5 Ke8 44. b6 Kd8 45. Rxh7 Kc8 46. Ke3 e4
47. fxe4 Bxe4 48. g3 g5 49. Re7 g4 50. b7+ Bxb7 51. Kxd3 Ba6+ 52. Ke3 Kd8 53.
Re5 Bc8 54. Kf4 1-0

[Event "5th Budapest Open"]
[Site "Budapest"]
[Date "2015.08.15"]
[Round "1.13"]
[White "Mihaly, Zoltan"]
[Black "Kormos, Adam"]
[Result "0-1"]
[WhiteElo "1774"]
[BlackElo "2109"]
[PlyCount "100"]
[EventDate "2014.08.15"]
[EventType "swiss"]
[EventRounds "9"]
[EventCountry "HUN"]

1. c4 Nf6 2. Nc3 c5 3. g3 g6 4. Bg2 Bg7 5. e3 O-O 6. Nge2 a6 7. O-O Nc6 8. Rb1
d6 9. a3 Bg4 10. Qc2 Rc8 11. b3 b5 12. Nf4 Bf5 13. e4 Nd4 14. Qd3 Bd7 15. Ncd5
Ng4 16. Bb2 Ne5 17. Qe3 bxc4 18. b4 e6 19. bxc5 Ng4 20. Qe1 exd5 21. cxd6 dxe4
22. Bxd4 Bxd4 23. Nd5 Bf6 24. Bxe4 Rb8 25. f3 Rxb1 26. Qxb1 Ne5 27. f4 Nd3 28.
Qb7 Nc5 29. Qb1 Nxe4 30. Qxe4 Bf5 31. Qxc4 Qxd6 32. Nxf6+ Qxf6 33. d4 Rc8 34.
Qb4 a5 35. Qb2 Rc2 36. Qb8+ Kg7 37. Qe5 Qxe5 38. dxe5 Ra2 39. Rf3 a4 40. Re3
Bh3 41. Rd3 Rg2+ 42. Kh1 Rf2 43. Rd1 Rf3 44. Ra1 Kf8 45. Kg1 Ke7 46. Kh1 Ke6
47. Kg1 Kd5 48. Kh1 Kc4 49. Rc1+ Kb3 50. Rc7 Rf1# 0-1

[Event "5th Budapest Open"]
[Site "Budapest"]
[Date "2015.08.15"]
[Round "1.14"]
[White "Gumanny, Evgeny"]
[Black "Zsatkovics, Endre"]
[Result "1-0"]
[WhiteElo "2093"]
[BlackElo "1748"]
[PlyCount "77"]
[EventDate "2014.08.15"]
[EventType "swiss"]
[EventRounds "9"]
[EventCountry "HUN"]

1. d4 Nf6 2. c4 g6 3. Nc3 d5 4. Nf3 Bg7 5. cxd5 Nxd5 6. e4 Nxc3 7. bxc3 c5 8.
Rb1 Nc6 9. d5 Ne5 10. Nxe5 Bxe5 11. Bb5+ Bd7 12. c4 O-O 13. O-O Qc7 14. Bxd7
Qxd7 15. Be3 b6 16. f4 Bg7 17. e5 Qf5 18. Rb3 g5 19. g3 Kh8 20. Qd3 Qxd3 21.
Rxd3 gxf4 22. gxf4 f6 23. e6 Bh6 24. Kf2 Rg8 25. Kf3 f5 26. h3 Rac8 27. Rb1 Rg6
28. a4 Rd8 29. a5 Rxe6 30. axb6 Rxb6 31. Rc1 Rc8 32. Ra3 Rb2 33. Rxa7 Rh2 34.
Rxe7 Rxh3+ 35. Ke2 Ra8 36. Rg1 Ra2+ 37. Bd2 Rh2+ 38. Kf1 Ra1+ 39. Be1 1-0

[Event "5th Budapest Open"]
[Site "Budapest"]
[Date "2015.08.15"]
[Round "1.15"]
[White "Czimer, Jozsef"]
[Black "Vargyas, Zoltan"]
[Result "0-1"]
[WhiteElo "1706"]
[BlackElo "2089"]
[PlyCount "90"]
[EventDate "2014.08.15"]
[EventType "swiss"]
[EventRounds "9"]
[EventCountry "HUN"]

1. e4 c5 2. Nf3 e6 3. c4 Nc6 4. Nc3 Nf6 5. h3 d5 6. cxd5 exd5 7. exd5 Nxd5 8.
d4 Ndb4 9. d5 Bf5 10. Bb5 Nc2+ 11. Kf1 Nxa1 12. Qe2+ Be7 13. dxc6 O-O 14. cxb7
Rb8 15. g4 Bg6 16. Ne5 Rxb7 17. Nxg6 hxg6 18. Kg2 Bf6 19. Be3 Nc2 20. Bxc5 Nd4
21. Bxd4 Bxd4 22. Rd1 Qb6 23. a4 Bxc3 24. bxc3 Rc7 25. Qf3 Rfc8 26. Rc1 Qa5 27.
Qe2 Rxc3 28. Rxc3 Qxc3 29. Qe7 a6 30. Be8 Qc4 31. Bd7 Rf8 32. Qe5 Rd8 33. a5
Kh7 34. Qd6 Qc3 35. Qe7 Qc7 36. Qh4+ Kg8 37. Ba4 Qxa5 38. Bb3 Rb8 39. Qg3 Qb5
40. Bd1 a5 41. Bf3 a4 42. Qd6 Qb4 43. Qa6 a3 44. Qa7 Qb3 45. Qa5 a2 0-1

[Event "5th Budapest Open"]
[Site "Budapest"]
[Date "2015.08.15"]
[Round "1.16"]
[White "Palla, Akos Botond"]
[Black "Kanizaj, Benjamin"]
[Result "1-0"]
[WhiteElo "2064"]
[BlackElo "1662"]
[PlyCount "45"]
[EventDate "2014.08.15"]
[EventType "swiss"]
[EventRounds "9"]
[EventCountry "HUN"]

1. e4 c5 2. Nf3 d6 3. d4 cxd4 4. Nxd4 Nf6 5. Nc3 e6 6. Ndb5 a6 7. Na3 b5 8. e5
Nfd7 9. exd6 Nc5 10. Bxb5+ axb5 11. Naxb5 Nba6 12. O-O Bd7 13. a4 Qb8 14. Qd4
Nb7 15. Bf4 Qc8 16. b4 Bc6 17. Rfe1 Qd7 18. Rad1 Rd8 19. Qb6 Ra8 20. Nc7+ Nxc7
21. dxc7 Bd6 22. Bxd6 Nxd6 23. b5 1-0

[Event "5th Budapest Open"]
[Site "Budapest"]
[Date "2015.08.15"]
[Round "1.17"]
[White "Gombocz, Ferenc Jr"]
[Black "Persanyi, Barnabas"]
[Result "0-1"]
[WhiteElo "1637"]
[BlackElo "2064"]
[PlyCount "62"]
[EventDate "2014.08.15"]
[EventType "swiss"]
[EventRounds "9"]
[EventCountry "HUN"]

1. d4 Nf6 2. Nf3 g6 3. Nc3 d5 4. Bf4 Bg7 5. Qd2 c6 6. Bh6 O-O 7. h4 b5 8. h5
Bxh6 9. Qxh6 Ng4 10. Qd2 Bf5 11. Nh4 Be6 12. hxg6 fxg6 13. f3 Nf6 14. Qh6 Qd6
15. Qg5 Rf7 16. f4 Rg7 17. Nf3 b4 18. Nd1 Nbd7 19. Ne5 Ne4 20. Qh4 c5 21. e3
cxd4 22. exd4 Qb6 23. Nxg6 hxg6 24. Bd3 Kf7 25. g4 Ndf6 26. Qh2 Qxd4 27. Qg2
Bxg4 28. Rg1 Bxd1 29. Kxd1 Nf2+ 30. Ke2 Nxd3 31. cxd3 Qxb2+ 0-1

[Event "5th Budapest Open"]
[Site "Budapest"]
[Date "2015.08.15"]
[Round "1.18"]
[White "Trajber, Csaba"]
[Black "Bartok, David Dominik"]
[Result "1-0"]
[WhiteElo "2056"]
[BlackElo "1610"]
[PlyCount "43"]
[EventDate "2014.08.15"]
[EventType "swiss"]
[EventRounds "9"]
[EventCountry "HUN"]

1. e4 c6 2. d4 d5 3. Nc3 dxe4 4. Nxe4 Bf5 5. Ng3 Bg6 6. N1e2 h6 7. Nf4 Bh7 8.
Bc4 e6 9. O-O Bd6 10. Ngh5 Bf8 11. Re1 Ne7 12. c3 Nd5 13. Qf3 Nxf4 14. Bxf4 g6
15. Be5 gxh5 16. Bxh8 Qd7 17. Qxh5 Bg6 18. Qg4 Bh7 19. Bf6 Be7 20. Bxe6 fxe6
21. Rxe6 h5 22. Qxh5+ 1-0

[Event "5th Budapest Open"]
[Site "Budapest"]
[Date "2015.08.15"]
[Round "1.19"]
[White "Papp, Andrea"]
[Black "Bakk, Zoltan"]
[Result "0-1"]
[WhiteElo "1601"]
[BlackElo "2051"]
[PlyCount "38"]
[EventDate "2014.08.15"]
[EventType "swiss"]
[EventRounds "9"]
[EventCountry "HUN"]

1. d4 e6 2. Nf3 c5 3. c3 Nc6 4. Bf4 cxd4 5. cxd4 Qb6 6. Qd2 Nf6 7. e3 d5 8. a3
Bd7 9. Bd3 Rc8 10. O-O Na5 11. Qe2 Nb3 12. Nc3 Nxa1 13. Rxa1 Be7 14. Ne5 O-O
15. g4 Bc6 16. g5 Ne4 17. Nxc6 Qxc6 18. Nxe4 dxe4 19. Bb5 Qc2 0-1

[Event "5th Budapest Open"]
[Site "Budapest"]
[Date "2015.08.15"]
[Round "1.20"]
[White "Mester, Attila"]
[Black "Sergyan, Gyula Zoltan"]
[Result "1-0"]
[WhiteElo "2025"]
[BlackElo "1585"]
[PlyCount "47"]
[EventDate "2014.08.15"]
[EventType "swiss"]
[EventRounds "9"]
[EventCountry "HUN"]

1. e4 d6 2. d4 Nf6 3. Nc3 g6 4. Be3 Bg7 5. Qd2 O-O 6. O-O-O Nc6 7. f3 e6 8. g4
a6 9. g5 Ne8 10. h4 f5 11. gxf6 Nxf6 12. Bg5 Qe8 13. Kb1 Nh5 14. Nce2 e5 15. c3
exd4 16. cxd4 h6 17. Bxh6 Bxh6 18. Qxh6 Rxf3 19. Nxf3 Qxe4+ 20. Ka1 Nb4 21. Rc1
Nc2+ 22. Rxc2 Qxc2 23. Nc3 Bf5 24. Bc4+ 1-0

[Event "5th Budapest Open"]
[Site "Budapest"]
[Date "2015.08.15"]
[Round "1.21"]
[White "Ronyai, Imre"]
[Black "Balogh, Lajos"]
[Result "0-1"]
[WhiteElo "1549"]
[BlackElo "2018"]
[PlyCount "62"]
[EventDate "2014.08.15"]
[EventType "swiss"]
[EventRounds "9"]
[EventCountry "HUN"]

1. e4 e5 2. Nf3 Nf6 3. Nc3 Bb4 4. Bc4 Nc6 5. O-O O-O 6. Nd5 Nxe4 7. Re1 Nd6 8.
Bb3 e4 9. Nxb4 Nxb4 10. Ne5 Qf6 11. Ng4 Qh4 12. Ne3 a5 13. a3 Na6 14. Ba2 Kh8
15. b3 f5 16. g3 Qg5 17. d4 Ne8 18. Nd5 Qd8 19. Bb2 c6 20. Nf4 d5 21. c4 Nac7
22. Rc1 Nf6 23. Kg2 Ne6 24. Qd2 Nxf4+ 25. Qxf4 Nh5 26. Qd2 f4 27. cxd5 cxd5 28.
b4 Qg5 29. Qc3 Bg4 30. Qc7 Bf3+ 31. Kf1 Qg4 0-1

[Event "5th Budapest Open"]
[Site "Budapest"]
[Date "2015.08.15"]
[Round "1.22"]
[White "Karacsonyi, Gellert"]
[Black "Lakatos, Tamas"]
[Result "1-0"]
[WhiteElo "2013"]
[BlackElo "1533"]
[PlyCount "37"]
[EventDate "2014.08.15"]
[EventType "swiss"]
[EventRounds "9"]
[EventCountry "HUN"]

1. e4 c5 2. Nf3 e6 3. d4 cxd4 4. Nxd4 Nc6 5. Nc3 Qc7 6. Nxc6 bxc6 7. Bd3 Nf6 8.
O-O Be7 9. f4 d5 10. Qf3 Bb7 11. Kh1 Bb4 12. e5 Bxc3 13. bxc3 Nd7 14. f5 O-O
15. Qh3 exf5 16. Bxf5 g6 17. Bxd7 Qxe5 18. Bf4 Qe4 19. Rae1 1-0

[Event "5th Budapest Open"]
[Site "Budapest"]
[Date "2015.08.15"]
[Round "1.23"]
[White "Karacsonyi, Kata"]
[Black "Kozma, Gabor"]
[Result "1/2-1/2"]
[WhiteElo "1461"]
[BlackElo "2008"]
[PlyCount "79"]
[EventDate "2014.08.15"]
[EventType "swiss"]
[EventRounds "9"]
[EventCountry "HUN"]

1. e4 c5 2. Nf3 d6 3. d4 cxd4 4. Nxd4 Nf6 5. Nc3 a6 6. Bd3 e6 7. O-O Be7 8. Kh1
b5 9. f4 Bb7 10. e5 dxe5 11. fxe5 Nd5 12. Qh5 g6 13. Qf3 O-O 14. Bh6 Nd7 15.
Bxf8 Qxf8 16. Qh3 Nxe5 17. Nxe6 Qc8 18. Nxd5 Bxd5 19. Nf4 Qxh3 20. Nxh3 Bd6 21.
Rad1 Ng4 22. Rfe1 Bb4 23. c3 Bc5 24. Bxb5 Ne3 25. Rxd5 Nxd5 26. Bc6 Rb8 27.
Bxd5 Rxb2 28. Rf1 Rc2 29. Bxf7+ Kg7 30. Ng5 Be3 31. Ne6+ Kh6 32. h3 Rxc3 33.
Kh2 Rc2 34. Re1 Bf2 35. Rf1 Rxa2 36. g4 Bh4+ 37. Kh1 Ra3 38. Kg2 Ra2+ 39. Kg1
Ra3 40. Kg2 1/2-1/2

[Event "5th Budapest Open"]
[Site "Budapest"]
[Date "2015.08.15"]
[Round "1.24"]
[White "Meixner, Ferenc"]
[Black "Bangha, Otto Peter"]
[Result "1-0"]
[WhiteElo "1998"]
[BlackElo "1427"]
[PlyCount "27"]
[EventDate "2014.08.15"]
[EventType "swiss"]
[EventRounds "9"]
[EventCountry "HUN"]

1. d4 Nf6 2. Nf3 e6 3. Bf4 Be7 4. Nbd2 O-O 5. e4 d5 6. e5 Nfd7 7. Bd3 c5 8. h4
cxd4 9. Bxh7+ Kxh7 10. Ng5+ Bxg5 11. hxg5+ Kg6 12. Qh5+ Kf5 13. g6+ Kxf4 14.
g3# 1-0

[Event "5th Budapest Open"]
[Site "Budapest"]
[Date "2015.08.15"]
[Round "1.25"]
[White "Bolyki, Istvan"]
[Black "Csapo, Zoltan"]
[Result "0-1"]
[WhiteElo "1394"]
[BlackElo "1993"]
[PlyCount "30"]
[EventDate "2014.08.15"]
[EventType "swiss"]
[EventRounds "9"]
[EventCountry "HUN"]

1. d4 Nf6 2. Nf3 g6 3. c4 Bg7 4. Nc3 d6 5. Bf4 O-O 6. e4 Bg4 7. h3 Bxf3 8. Qxf3
c5 9. dxc5 dxc5 10. e5 Nh5 11. Qxb7 Nxf4 12. Qxa8 Qb6 13. Nd5 Nxd5 14. Qxd5 Rd8
15. Qf3 Qxb2 0-1

[Event "5th Budapest Open"]
[Site "Budapest"]
[Date "2015.08.15"]
[Round "1.26"]
[White "Heyl, Thomas"]
[Black "Sulyok, Eszter"]
[Result "1-0"]
[WhiteElo "1986"]
[BlackElo "1324"]
[PlyCount "41"]
[EventDate "2014.08.15"]
[EventType "swiss"]
[EventRounds "9"]
[EventCountry "HUN"]

1. c4 Nf6 2. g3 e6 3. Bg2 c5 4. Nf3 d5 5. O-O Nbd7 6. d3 Qc7 7. Nc3 a6 8. cxd5
exd5 9. Bf4 Bd6 10. Bxd6 Qxd6 11. e3 O-O 12. Ne2 b6 13. Rc1 Bb7 14. Qb3 Rac8
15. Rfd1 Qe6 16. a4 Ng4 17. Nf4 Qc6 18. h3 c4 19. dxc4 dxc4 20. Qa3 Nge5 21.
Nxe5 1-0

[Event "5th Budapest Open"]
[Site "Budapest"]
[Date "2015.08.15"]
[Round "1.27"]
[White "Karacsonyi, Luca"]
[Black "Bodrogi, Laszlo"]
[Result "0-1"]
[WhiteElo "1115"]
[BlackElo "1985"]
[PlyCount "50"]
[EventDate "2014.08.15"]
[EventType "swiss"]
[EventRounds "9"]
[EventCountry "HUN"]

1. e4 c5 2. c3 e6 3. d4 d5 4. exd5 exd5 5. Nf3 Nc6 6. Bb5 Bd6 7. dxc5 Bxc5 8.
Ne5 Qf6 9. Nf3 Nge7 10. O-O Bg4 11. Bg5 Qxg5 12. Bxc6+ bxc6 13. Qd3 Bxf3 14.
Qxf3 O-O 15. Re1 Rfe8 16. Qe2 Kf8 17. Nd2 Nf5 18. Qf3 Rxe1+ 19. Rxe1 Qxd2 20.
Rf1 Nd6 21. b4 Bb6 22. a4 Ne4 23. Rd1 Qxf2+ 24. Qxf2 Nxf2 25. Kf1 Nxd1 0-1

[Event "5th Budapest Open"]
[Site "Budapest"]
[Date "2015.08.15"]
[Round "1.30"]
[White "Bensaid, Simon"]
[Black "Arelleno Pardo, Martin"]
[Result "0-1"]
[WhiteElo "1924"]
[BlackElo "1912"]
[PlyCount "96"]
[EventDate "2014.08.15"]
[EventType "swiss"]
[EventRounds "9"]
[EventCountry "HUN"]

1. e4 Nf6 2. e5 Nd5 3. d4 d6 4. c4 Nb6 5. exd6 exd6 6. Nc3 Be7 7. Be3 Nc6 8.
Rc1 Bf6 9. b3 O-O 10. Be2 Re8 11. Nf3 Bg4 12. O-O d5 13. c5 Nc8 14. b4 a6 15.
Qb3 N8e7 16. Rfd1 Qd7 17. a4 Rad8 18. b5 Nb8 19. Ne5 Bxe5 20. dxe5 Bxe2 21.
Nxe2 axb5 22. axb5 Qg4 23. Ng3 c6 24. Rd4 Qg6 25. Rf4 Nd7 26. Bd4 Qg5 27. Be3
Qxe5 28. bxc6 bxc6 29. Ne2 Ng6 30. Ra4 Rb8 31. Qd3 Qc7 32. f4 Qb7 33. Rc3 Nf6
34. Nd4 Qb1+ 35. Qf1 Qxf1+ 36. Kxf1 Rb1+ 37. Rc1 Rb2 38. Ra3 Ng4 39. Re1 Nh4
40. Nxc6 Nxg2 41. Ne7+ Kf8 42. Bd4 Nxh2+ 43. Kg1 Nf3+ 44. Rxf3 Nxe1 45. Rg3
Rg2+ 46. Rxg2 Nxg2 47. Nxd5 Nxf4 48. Nxf4 Re4 0-1

[Event "5th Budapest Open"]
[Site "Budapest"]
[Date "2015.08.15"]
[Round "1.31"]
[White "Cruz Guerra, Samuel"]
[Black "Gorog, Almos"]
[Result "1-0"]
[WhiteElo "1904"]
[BlackElo "1912"]
[PlyCount "102"]
[EventDate "2014.08.15"]
[EventType "swiss"]
[EventRounds "9"]
[EventCountry "HUN"]

1. e4 e6 2. Nf3 d5 3. e5 c5 4. b4 cxb4 5. a3 Nc6 6. axb4 Bxb4 7. c3 Be7 8. d4
f6 9. Bd3 Qc7 10. Qe2 Bd7 11. O-O f5 12. Qc2 h6 13. Ba3 g5 14. Bxe7 Ngxe7 15.
Na3 Na5 16. Rfb1 O-O 17. Qd2 a6 18. Nxg5 hxg5 19. Qxg5+ Kf7 20. Qh5+ Kg7 21. c4
Nxc4 22. Rb3 b5 23. Bxc4 Ng6 24. Rg3 Be8 25. Bf1 Bf7 26. Nb1 Qc2 27. Qh4 Be8
28. Qe7+ Rf7 29. Qxe6 f4 30. Rg5 a5 31. Na3 Qe4 32. Rd1 Bd7 33. Qd6 Rc8 34. h4
Rc6 35. Bd3 Qxd3 36. Rxd3 Rxd6 37. exd6 b4 38. h5 bxa3 39. Rxg6+ Kh7 40. Rxa3
Bf5 41. Rg5 Kh6 42. Rg8 Rd7 43. Rxa5 Rxd6 44. Re8 Be6 45. Rxe6+ Rxe6 46. Rxd5
Re1+ 47. Kh2 Re2 48. f3 Rd2 49. Kh3 Kg7 50. Rd6 Kh7 51. h6 Re2 1-0

[Event "5th Budapest Open"]
[Site "Budapest"]
[Date "2015.08.15"]
[Round "1.32"]
[White "Rabovszky, Gyorgy"]
[Black "Blazques Criado, Sergio"]
[Result "0-1"]
[WhiteElo "1886"]
[BlackElo "1882"]
[PlyCount "68"]
[EventDate "2014.08.15"]
[EventType "swiss"]
[EventRounds "9"]
[EventCountry "HUN"]

1. d4 Nf6 2. c4 e5 3. dxe5 Ng4 4. Nf3 Bc5 5. e3 Nc6 6. Bd2 Ngxe5 7. Nxe5 Nxe5
8. Bc3 Qe7 9. Be2 O-O 10. Nd2 a5 11. Nb3 Bb4 12. Qd2 b6 13. O-O-O Ba6 14. a3
Bxc4 15. Bxb4 axb4 16. Bxc4 Nxc4 17. Qxb4 Qxb4 18. axb4 d6 19. Kc2 Ra2 20. Kc3
Nxb2 21. Ra1 Na4+ 22. Kc4 Rc2+ 23. Kd5 Nc3+ 24. Kc4 Ne4+ 25. Kb5 d5 26. Nd4
Nd6+ 27. Ka4 Rxf2 28. Rac1 Ra8+ 29. Kb3 Nc4 30. Ra1 Re8 31. Rhe1 c5 32. bxc5
bxc5 33. Nc2 Nd2+ 34. Kc3 Rb8 0-1